Statistics for X-Men Quizzes 9: Storm

Click here to take the quiz!

General Stats

  • This quiz has been taken 14 times
  • The average score is 7 of 15

Answer Stats

HintAnswer% Correct
What can she control due to her powers?Weather
92%
Who was her first husband?Black Panther / T’Challa
77%
Who portrayed her in 2000?Halle Berry
77%
Storm was the first Marvel:Major {black} female superhero
77%
What is her real name?Ororo Munroe
77%
Which group of deformed mutants did she temporarily become leader of?Morlocks
69%
In which city did she grow up?Cairo / Harlem
62%
And who designed that weapon?Forge / Jonathan Silvercloud
46%
Finish these two nicknames for Storm:Weather {goddess}
46%
Finish these two nicknames for Storm:Mistress of the {elements}
38%
Who shot her and caused her to lose her powers?Henry Peter Gyrich
23%
Charles Xavier first encountered her when travelling to meet who?Shadow King
23%
Who voiced her in X-Men: TAS?Alison Sealy-Smith
15%
Who portrayed her in 2016?Alexandra Shipp
8%
Which writer created her?Len Wein
0%

Score Distribution

Percentile by Number Answered

Percent of People with Each Score

Your Score History

You have not taken this quiz